000 00372pab a2200157 454500
008 180718b2010 xxu||||| |||| 00| 0 eng d
100 _aMooris, Lydia
245 _aWelfare, asylum and the politics of judgment
260 _c2010
300 _ap.119-38.
362 _aJan
650 _aJudiciary
773 _aJournal of Social Policy
908 _aN
909 _a86266
999 _c86266
_d86266